000 00952nam a22002177a 4500
005 20171129122504.0
010 _aUR-9874
020 6 _c35.00
035 _aU-8429
037 _bDBAD/PUB
082 _a330
100 _aپر و فیسر سید مسعو د ا حمد
245 _a ما حو لیا تی بحر ا ن :ا سبا ب و علا ج
_cپر و فیسر سید مسعو د ا حمد
246 _b
_aMahoolyati Bohiran Asbab-o-Elaj
250 _aby Prof.Sayyid Masood Ahmad
260 _a نئی د لی
_bMerkazi Maktaba Islami Publishers
_c2011
270 _aD307,Dawat Nagar,Abul Fazal Enclave,Jamia Nagar ,
_b New Delhi
_e110025
_k01126971652
_l-
300 _a87ص
_c22 Cm.(B.b)
500 _aدو حصہ
942 _2ddc
_cUR
_h330
_mس ی د
_e
999 _c147091
_d147091